| 000 | 00726nam a22002297a 4500 | ||
|---|---|---|---|
| 003 | OSt | ||
| 005 | 20230202110255.0 | ||
| 008 | 221006b |||||||| |||| 00| 0 eng d | ||
| 040 | _cBiblioteca Lado V | ||
| 082 |
_aM868 _bA174s |
||
| 100 |
_9729 _aAcevedo, Stefania _eeditora |
||
| 245 | _aSuturx #0/ | ||
| 260 |
_aMexico _bLAEL _c2022 |
||
| 300 |
_c18x20cm _a175p. |
||
| 650 | 0 |
_2Tesauro de Arte & Arquitectura _aTEORIA _9702 |
|
| 650 |
_2Tesauro de Arte & Arquitectura _aLITERATURA _9702 |
||
| 650 |
_2Tesauro de Arte & Arquitectura _aCATALOGO |
||
| 700 |
_aMorales, Mario _eeditor |
||
| 700 |
_aOlguin Zapata, Jazael _eeditor |
||
| 700 |
_aBrito, Sandro _eeditor |
||
| 942 |
_2ddc _c1 _hM868 _iA174s _n0 |
||
| 999 |
_c3037 _d3037 |
||